<?xml version="1.0" encoding="UTF-8"?>
<record
    xmlns:xsi="http://www.w3.org/2001/XMLSchema-instance"
    xsi:schemaLocation="http://www.loc.gov/MARC21/slim http://www.loc.gov/standards/marcxml/schema/MARC21slim.xsd"
    xmlns="http://www.loc.gov/MARC21/slim">

  <leader>00487nam a22001697a 4500</leader>
  <datafield tag="999" ind1=" " ind2=" ">
    <subfield code="c">7936</subfield>
    <subfield code="d">7936</subfield>
  </datafield>
  <controlfield tag="005">20240916111615.0</controlfield>
  <controlfield tag="008">240916b           ||||| |||| 00| 0 eng d</controlfield>
  <datafield tag="020" ind1=" " ind2=" ">
    <subfield code="a">9788433927071</subfield>
  </datafield>
  <datafield tag="040" ind1=" " ind2=" ">
    <subfield code="a">CDMR</subfield>
    <subfield code="d">CDMR</subfield>
  </datafield>
  <datafield tag="100" ind1=" " ind2=" ">
    <subfield code="9">4970</subfield>
    <subfield code="a">Ibarz, Merc&#xE8;</subfield>
  </datafield>
  <datafield tag="245" ind1=" " ind2=" ">
    <subfield code="a">No pensis, mira </subfield>
    <subfield code="b">: davant de l'obra d'art </subfield>
    <subfield code="c">/ Merc&#xE8; Ibarz</subfield>
  </datafield>
  <datafield tag="260" ind1=" " ind2=" ">
    <subfield code="a">Barcelona </subfield>
    <subfield code="b">: Anagrama, </subfield>
    <subfield code="c">2024</subfield>
  </datafield>
  <datafield tag="300" ind1=" " ind2=" ">
    <subfield code="a">96 p&#xE0;gines</subfield>
  </datafield>
  <datafield tag="490" ind1=" " ind2=" ">
    <subfield code="a">Nous quaderns Anagrama </subfield>
    <subfield code="v">; 75</subfield>
  </datafield>
  <datafield tag="650" ind1=" " ind2="0">
    <subfield code="9">4244</subfield>
    <subfield code="a">Cr&#xED;tica d'art</subfield>
  </datafield>
  <datafield tag="942" ind1=" " ind2=" ">
    <subfield code="2">udc</subfield>
    <subfield code="c">MON</subfield>
  </datafield>
  <datafield tag="952" ind1=" " ind2=" ">
    <subfield code="0">0</subfield>
    <subfield code="1">0</subfield>
    <subfield code="2">udc</subfield>
    <subfield code="4">0</subfield>
    <subfield code="7">0</subfield>
    <subfield code="a">CDMR</subfield>
    <subfield code="b">CDMR</subfield>
    <subfield code="d">2024-09-16</subfield>
    <subfield code="e">Donatiu</subfield>
    <subfield code="g">11.00</subfield>
    <subfield code="l">1</subfield>
    <subfield code="o">Dk 10/8</subfield>
    <subfield code="p">CDMR24090005</subfield>
    <subfield code="r">2025-01-13</subfield>
    <subfield code="s">2025-01-07</subfield>
    <subfield code="w">2024-09-16</subfield>
    <subfield code="y">MON</subfield>
  </datafield>
</record>
